| 000 | 00833cas a2200241 a 4500 | ||
|---|---|---|---|
| 001 | 11450170 | ||
| 005 | 20250815131401.0 | ||
| 008 | 940524c19959999mduar 0 a0eng | ||
| 050 | 0 | 0 |
_aRS55 _b.U54 |
| 082 | 0 | 0 | _a615/.1/014 |
| 245 | 0 | 0 | _aUSP dictionary of USAN and international drug names. |
| 260 |
_aRockville, Md. : _bUnited States Pharmacopeial Convention, Inc., _c©1994- |
||
| 300 |
_avolumes ; _c28 cm |
||
| 650 | 0 |
_aDrugs _vNomenclature _vPeriodicals. |
|
| 650 | 2 |
_aPharmaceutical Preparations _xchemistry. |
|
| 650 | 1 | 2 | _aPharmaceutical Preparations. |
| 650 | 6 |
_aMédicaments _xNomenclature _vPériodiques. |
|
| 650 | 7 |
_aDrugs. _2fast _0(OCoLC)fst00898761 |
|
| 650 | 1 | 7 |
_aGeneesmiddelen. _2gtt |
| 710 | 2 | _aUnited States Pharmacopeial Convention. | |
| 710 | 2 | _aUnited States Adopted Names Council. | |
| 942 |
_2lcc _cREF _n0 |
||
| 999 |
_c7279 _d7279 |
||